| 000 | 00502nam a2200205Ia 4500 | ||
|---|---|---|---|
| 003 | OSt | ||
| 005 | 20140319095707.0 | ||
| 008 | 140130s9999 xx 000 0 und d | ||
| 020 | _a9780439735834 | ||
| 050 |
_aPZ 7 _b.K45783 2005 |
||
| 100 | _aKern, Noris | ||
| 245 |
_aI love you with all my heart / _cNoris Kern. |
||
| 260 |
_bScholastic, _c2005. _aNew York : |
||
| 300 |
_a24 p. : _bcol. ill. ; _c26 cm. |
||
| 440 | _v1 | ||
| 521 | _aG2 | ||
| 526 | _c310 | ||
| 942 |
_cBK _2lcc |
||
| 999 |
_c40144 _d40144 |
||